| 000 | 00457nam a2200181Ia 4500 | ||
|---|---|---|---|
| 001 | 24799 | ||
| 005 | 20260414151107.0 | ||
| 008 | 260414t2012||||xx |||||||||||||| ||spa|| | ||
| 041 | _aESP | ||
| 082 |
_a346 _bB74R T. 1 |
||
| 100 |
_aBorda, Guillermo Antonio _eAUT |
||
| 245 | 0 |
_aTratado de derecho civil : _bderechos reales |
|
| 260 | _c2012 | ||
| 300 |
_axxviii, 681 páginas : _c25 cm. |
||
| 650 | _aDER | ||
| 654 | _aCDE | ||
| 942 |
_cLIB _dJUS _fJUS _2ddc _n |
||
| 999 |
_c24799 _d24799 |
||